A first course in the numerical analysis of differential equations / (Record no. 8402)

MARC details
000 -LEADER
fixed length control field 01261cam a2200325 a 4500
001 - CONTROL NUMBER
control field 1641892
003 - CONTROL NUMBER IDENTIFIER
control field OSt
005 - DATE AND TIME OF LATEST TRANSACTION
control field 20240612104741.0
008 - FIXED-LENGTH DATA ELEMENTS--GENERAL INFORMATION
fixed length control field 960229s1996 enka b 001 0 eng d
010 ## - LIBRARY OF CONGRESS CONTROL NUMBER
LC control number 96139924
020 ## - INTERNATIONAL STANDARD BOOK NUMBER
International Standard Book Number 0521553768 (hardback)
020 ## - INTERNATIONAL STANDARD BOOK NUMBER
International Standard Book Number 0521556554 (paperback)
035 ## - SYSTEM CONTROL NUMBER
System control number (OCoLC)34290705
040 ## - CATALOGING SOURCE
Original cataloging agency WaU
Transcribing agency WaU
Modifying agency DLC
042 ## - AUTHENTICATION CODE
Authentication code lccopycat
082 00 - DEWEY DECIMAL CLASSIFICATION NUMBER
Classification number 515
Item number ASE 2006
100 1# - MAIN ENTRY--PERSONAL NAME
Personal name Iserles, A.
9 (RLIN) 17086
245 12 - TITLE STATEMENT
Title A first course in the numerical analysis of differential equations /
Statement of responsibility, etc. Arieh Iserles.
246 30 - VARYING FORM OF TITLE
Title proper/short title Numerical analysis of differential equations
260 ## - PUBLICATION, DISTRIBUTION, ETC. (IMPRINT)
Place of publication, distribution, etc. Cambridge ;
-- New York :
Name of publisher, distributor, etc. Cambridge University Press,
Date of publication, distribution, etc. 2006
300 ## - PHYSICAL DESCRIPTION
Extent xvi, 378 p. :
Other physical details ill. ;
Dimensions 26 cm.
440 #0 - SERIES STATEMENT/ADDED ENTRY--TITLE
Title Cambridge texts in applied mathematics
9 (RLIN) 17087
504 ## - BIBLIOGRAPHY, ETC. NOTE
Bibliography, etc Includes bibliographical references and index.
650 #0 - SUBJECT ADDED ENTRY--TOPICAL TERM
Topical term or geographic name as entry element Differential equations
General subdivision Numerical solutions.
9 (RLIN) 17088
856 42 - ELECTRONIC LOCATION AND ACCESS
Materials specified Publisher description
Uniform Resource Identifier http://www.loc.gov/catdir/description/cam028/96139924.html
856 41 - ELECTRONIC LOCATION AND ACCESS
Materials specified Table of contents
Uniform Resource Identifier http://www.loc.gov/catdir/toc/cam027/96139924.html
906 ## - LOCAL DATA ELEMENT F, LDF (RLIN)
a 7
b cbc
c copycat
d 2
e ncip
f 19
g y-gencatlg
942 ## - ADDED ENTRY ELEMENTS (KOHA)
Source of classification or shelving scheme Dewey Decimal Classification
Koha item type Open Shelf
Holdings
Withdrawn status Lost status Source of classification or shelving scheme Damaged status Not for loan Home library Current library Date acquired Source of acquisition Inventory number Total Checkouts Full call number Barcode Date last seen Price effective from Koha item type
    Dewey Decimal Classification     MUST Main Library MUST Main Library 12/06/2024 Purchase 2008/29294   515 ASE 2006 2024-20319 12/06/2024 12/06/2024 Open Shelf
    Dewey Decimal Classification     MUST Main Library MUST Main Library 12/06/2024 Purchase 2007/29216   515 ASE 2006 2024-20320 12/06/2024 12/06/2024 Open Shelf